| 000 | 00330nam a2200109Ia 4500 | ||
|---|---|---|---|
| 008 | 171211s9999 xx 000 0 und d | ||
| 245 | _aBreathing in America: Diseases, Progress, and Hope | ||
| 245 | _cDean Schraufnagel | ||
| 260 | _c2010 | ||
| 650 | _xFamily and Friendship | ||
| 856 | _uhttp://down.ebook777.com/065/0615380581.pdf | ||
| 999 |
_c350254 _d350254 |
||